Σχεδιαστικές προτάσεις για καινοτόμα διαδραστικά εκπαιδευτικά παιχνίδια : διπλωματική εργασία

Σύγχρονες διαδραστικές εφαρμογές εκπαιδευτικού χαρακτήρα, για παιδιά προσχολικής ηλικίας, με χρήση κατάλληλου εξοπλισμού που προκαλεί σωματική άσκηση μέσα στα πλαίσια του προγράμματος του νηπιαγωγείου. Καταγραφή, αξιολόγηση και σχεδιαστικές προτάσεις....

Full description

Saved in:
Bibliographic Details
Main Author: Βλάχου, Ελένη
Corporate Author: Πανεπιστήμιο Αιγαίου. Τμήμα Μηχανικών Σχεδίασης Προϊόντων και Συστημάτων. Μεταπτυχιακό Πρόγραμμα Σπουδών στη Σχεδίαση Διαδραστικών και Βιομηχανικών Προϊόντων και Συστημάτων
Other Authors: Λέκκας, Δημήτριος (dgs [Επιβλέπων καθηγητής])
Format: Thesis Book
Language:Greek
Published: 2011.
Subjects:
Online Access:http://hdl.handle.net/11610/9164
Tags: Add Tag
No Tags, Be the first to tag this record!

MARC

LEADER 00000cam a2200000 a 4500
001 1/108491
008 150909s2011####gr | ||| |||| ||gre||
040 |a GR-MyUa  |b gre  |c GR-MyUa  |e AACR2 
041 0 |a gre 
082 7 |a 371.334   |2 (23)  
100 1 |a Βλάχου, Ελένη. 
245 1 0 |a Σχεδιαστικές προτάσεις για καινοτόμα διαδραστικά εκπαιδευτικά παιχνίδια :   |b διπλωματική εργασία /   |c Βλάχου Ελένη ; επιβλέπων καθηγητής Λέκκας Δημήτριος.  
260 |c 2011.  
300 |a 176 φύλλα :   |b εικ. ;   |c 30 εκ.  
502 # # |a Διατριβή (μεταπτυχιακή) – Πανεπιστήμιο Αιγαίου, Σύρος, 2011. 
504 |a Βιβλιογραφική: σ. 119-129.  
520 8 |a Σύγχρονες διαδραστικές εφαρμογές εκπαιδευτικού χαρακτήρα, για παιδιά προσχολικής ηλικίας, με χρήση κατάλληλου εξοπλισμού που προκαλεί σωματική άσκηση μέσα στα πλαίσια του προγράμματος του νηπιαγωγείου. Καταγραφή, αξιολόγηση και σχεδιαστικές προτάσεις.  
650 0 |a Educational games. 
650 0 |a Computer-assisted instruction. 
650 0 |a Dissertations, Academic  |z Greece. 
700 1 |a Λέκκας, Δημήτριος,  |e dgs [Επιβλέπων καθηγητής] 
710 2 |a Πανεπιστήμιο Αιγαίου.   |b Τμήμα Μηχανικών Σχεδίασης Προϊόντων και Συστημάτων.   |b Μεταπτυχιακό Πρόγραμμα Σπουδών στη Σχεδίαση Διαδραστικών και Βιομηχανικών Προϊόντων και Συστημάτων. 
852 |a INST  |b SYROS  |c DIATR  |e 20150909  |h 371.334 ΒΛΑ  |p 005500012051  |q 005500012051  |t MTXE  |y 23 
856 |u http://hdl.handle.net/11610/9164 
924 |a Βλάχου   |b Ελένη   |y Σύρος  |z 2015-04 
970 |a Κοντού   |b Παρασκευή   |z 09/09/2015